Plan Estratégico Institucional (PEI) 2025-2028 (Record no. 14660)
[ view plain ]
| 000 -LEADER | |
|---|---|
| campo de control de longitud fija | 01548nam a22002177a 4500 |
| 003 - IDENTIFICADOR DE NÚMERO DE CONTROL | |
| campo de control | OSt |
| 005 - FECHA Y HORA DE LA ÚLTIMA TRANSACCIÓN | |
| campo de control | 20260617103151.0 |
| 008 - DATOS DE LONGITUD FIJA--INFORMACIÓN GENERAL | |
| campo de control de longitud fija | 260617b |||||||| |||| 00| 0 spa d |
| 020 ## - NÚMERO INTERNACIONAL ESTÁNDAR DEL LIBRO | |
| Número Internacional Estándar del Libro | 978-9945-513-28-8 |
| 040 ## - FUENTE DE CATALOGACIÓN | |
| Centro catalogador/agencia de origen | IDEICE |
| Lengua de catalogación | spa |
| Centro/agencia transcriptor | IDEICE |
| Normas de descripción | RDA |
| 082 ## - NÚMERO DE LA CLASIFICACIÓN DECIMAL DEWEY | |
| Número de clasificación | Ideice 352.34 7293 R426p |
| 110 ## - ENTRADA PRINCIPAL--NOMBRE DE ENTIDAD CORPORATIVA | |
| Nombre de entidad corporativa o nombre de jurisdicción como elemento de entrada | Instituto Dominicano de Evaluación e Investigación de la Calidad Educativa , IDEICE |
| 245 ## - MENCIÓN DEL TÍTULO | |
| Título | Plan Estratégico Institucional (PEI) 2025-2028 |
| Mención de responsabilidad, etc. | IDEICE |
| 260 ## - PUBLICACIÓN, DISTRIBUCIÓN, ETC. | |
| Lugar de publicación, distribución, etc. | Santo Domingo, República Dominicana |
| Nombre del editor, distribuidor, etc. | IDEICE |
| Fecha de publicación, distribución, etc. | 2026 |
| 300 ## - DESCRIPCIÓN FÍSICA | |
| Dimensiones | 78p. |
| 505 ## - NOTA DE CONTENIDO CON FORMATO | |
| Nota de contenido con formato | El Plan Estratégico Institucional 2025–2028 del Instituto Dominicano de Evaluación e Investigación de la Calidad Educativa (Ideice) define la hoja de ruta que orienta su gestión para el fortalecimiento del sistema educativo preuniversitario dominicano. El documento establece las prioridades estratégicas del Instituto, alineadas con el Plan Horizonte de Educación 2034, las Metas de Gobierno 2024–2028 y los lineamientos nacionales de planificación, con el propósito de fortalecer la toma de decisiones educativas basada en evidencia. |
| 650 ## - PUNTO DE ACCESO ADICIONAL DE MATERIA--TÉRMINO DE MATERIA | |
| Término de materia o nombre geográfico como elemento de entrada | Educación -- República Dominicana, Evaluación educativa -- República Dominicana, Indicadores Educativos, Investigación Educativa -- República Dominicana, Organización y gestión, Planificación Estratégica, Política Educativa -- República Dominicana. |
| 710 ## - ENTRADA AGREGADA--NOMBRE DE ENTIDAD CORPORATIVA | |
| Nombre de entidad corporativa o nombre de jurisdicción como elemento de entrada | IDEICE |
| 856 ## - LOCALIZACIÓN Y ACCESO ELECTRÓNICOS | |
| Identificador Uniforme de Recurso | <a href="https://ideice.gob.do/documentacion/publicaciones-id-229-plan-estrat-eacute-gico-institucional-pei-2025-2028">https://ideice.gob.do/documentacion/publicaciones-id-229-plan-estrat-eacute-gico-institucional-pei-2025-2028</a> |
| 942 ## - ELEMENTOS DE ENTRADA SECUNDARIOS (KOHA) | |
| Fuente de la clasificación o esquema de estantería | Clasificación Decimal Dewey |
| Tipo de ítem Koha | Libros |
| Suprimir en OPAC | No |
| Estatus retirado | Estado de pérdida | Fuente de la clasificación o esquema de estantería | Estado de daño | No para préstamo | Biblioteca de origen | Biblioteca actual | Fecha de adquisición | Total de préstamos | Visto por última vez | Identificador uniforme de recursos | Precio de reemplazo | Tipo de ítem Koha |
|---|---|---|---|---|---|---|---|---|---|---|---|---|
| Clasificación Decimal Dewey | Repositorio IDEICE | Repositorio IDEICE | 17/06/2026 | 17/06/2026 | https://ideice.gob.do/documentacion/publicaciones-id-229-plan-estrat-eacute-gico-institucional-pei-2025-2028 | 17/06/2026 | Libros |